000 00559nam a2200181Ia 4500
003 IN-BaIIA
008 211028s9999 xx 000 0 eng d
040 _cIIA Library
080 _a53(03)
_bENC-LII
245 0 _aEncyclopedia of physics
_bvol. LII
_cedited by S.Flugee
260 _aBerlin
_bSpringer-Verlag
_c1959
300 _avii, 601p.
650 _aAstronomy and Astrophysics Thesaurus
650 _aEncyclopedia-Physics
_93090
650 _aPhysics-Encyclopedia
700 _aFlugee, S., ed.
942 _cBK
999 _c2076
_d2076